Report on the disturbances which took place at Jagdalpur on the 25th and 26th March, 1966. (Record no. 77687)
[ view plain ]
| 000 -LEADER | |
|---|---|
| fixed length control field | 00661cam a22002291 4500 |
| 001 - CONTROL NUMBER | |
| control field | sa 68001086 |
| 003 - CONTROL NUMBER IDENTIFIER | |
| control field | DLC |
| 005 - DATE AND TIME OF LATEST TRANSACTION | |
| control field | 20260227112430.0 |
| 008 - FIXED-LENGTH DATA ELEMENTS--GENERAL INFORMATION | |
| fixed length control field | 710903s1967 ii d 00000 eng |
| 010 ## - LIBRARY OF CONGRESS CONTROL NUMBER | |
| LC control number | sa 68001086 //r86 |
| 025 ## - OVERSEAS ACQUISITION NUMBER | |
| Overseas acquisition number | PL480:I-E-8639 |
| 043 ## - GEOGRAPHIC AREA CODE | |
| Geographic area code | a-ii--- |
| 050 0# - LIBRARY OF CONGRESS CALL NUMBER | |
| Classification number | HV6485.I52 |
| Item number | J3 |
| 082 ## - DEWEY DECIMAL CLASSIFICATION NUMBER | |
| Classification number | 954/.3 |
| 100 10 - MAIN ENTRY--PERSONAL NAME | |
| Personal name | Pandey, Kanhaiya Lal. |
| 245 10 - TITLE STATEMENT | |
| Title | Report on the disturbances which took place at Jagdalpur on the 25th and 26th March, 1966. |
| 260 0# - PUBLICATION, DISTRIBUTION, ETC. | |
| Place of publication, distribution, etc. | Bhopal, |
| Name of publisher, distributor, etc. | Govt. Central Press, |
| Date of publication, distribution, etc. | 1967. |
| 300 ## - PHYSICAL DESCRIPTION | |
| Extent | 156 p. |
| Other physical details | fold. charts. |
| Dimensions | 25 cm. |
| 350 ## - PRICE (NR) (BK AM CF MU VM SE) [OBSOLETE] | |
| Price | Rs2.50 |
| 500 ## - GENERAL NOTE | |
| General note | Cover title. |
| 650 #0 - SUBJECT ADDED ENTRY--TOPICAL TERM | |
| Topical term or geographic name entry element | Riots |
| Geographic subdivision | India |
| -- | Jagadalāpur. |
No items available.